000 00463nam a2200145 i 4500
001 61588
003 ES-MaACL
005 20230906164509.0
007 t|
008 031112s1981 sp ||||1| spa d
245 0 0 _aExposición conmemorativa de Santa Teresa de Jesús
_b: catálogo /
_credactado por la Biblioteca Pública de Soria.
260 _aSoria :
_bCasa de Cultura de Soria,
_c[1981]
300 _a23 p. ;
_c24 cm.
852 _aES-MaACL
_j2119-F-6
_bR.101691
999 _c61588
_d61588